Eurovision 2024 Grand Final Scoreboard - Statistics

General Stats
  • This quiz has been taken 1,990 times
  • The average score is 17 of 25
Answer Stats
Place Country Points % Correct
1st Switzerland 591
99%
2nd Croatia 547
95%
4th France 445
87%
3rd Ukraine 453
87%
5th Israel 375
86%
6th Ireland 278
79%
7th Italy 268
78%
25th Norway 16
77%
9th Sweden 174
73%
12th Germany 117
70%
18th United Kingdom 46
70%
11th Greece 126
69%
10th Portugal 152
67%
22nd Spain 30
67%
8th Armenia 183
64%
24th Austria 24
63%
19th Finland 38
63%
20th Estonia 37
60%
14th Lithuania 90
59%
13th Luxembourg 103
59%
16th Latvia 64
58%
17th Serbia 54
55%
15th Cyprus 78
54%
23rd Slovenia 27
54%
21st Georgia 34
52%
No matching quizzes found
Score Distribution
Percent of People with Each Score
Percentile by Number Answered
Your Score History
You have not taken this quiz